Hollow Knight NPCs - Statistics

General Stats
  • This quiz has been taken 795 times
    792 since last reset
  • The average score is 27 of 35
Answer Stats
Hint Answer % Correct
The Gendered Child Hornet
95%
The Shopkeep Sly
94%
The Map Salesman Cornifer
93%
The Troupe Master Grimm
92%
The Teacher Monomon
92%
The First to Welcome you Elderbug
91%
The Beast Herrah
91%
Located in th Black Egg Temple Hollow Knight
91%
The Wyrm The Pale King
89%
The Watcher Lurien
88%
The Teachers Assisstant Quirrel
88%
The Source of the Infection Radiance
88%
A Knight of Great Renown Zote
87%
Swims in Shit Ogrim/Dung Defender
85%
GIves Shape of Unn Unn
84%
Makes Masks Mask Maker
83%
Finds your Shade for Eggs Jiji
81%
Forges the Nail Nailsmith
81%
Teaches Dash Slash Nailmaster Oro
80%
The Root The White Lady
80%
Teaches Cyclone Slash Nailmaster Mato
79%
Watches The Gods Godseeker
78%
The Map Salesmans Wife Iselda
78%
Gives you Charms Salubra
77%
Searches for Colloseum of Fools Tiso
77%
Teaches Great Slash Nailmaster Sheo
76%
A Vessel to Contain the Radiance. Pure Vessel
74%
Gives Dream Nail Seer
74%
Replaces the Confessor in Steel Soul Jinn
67%
Gives the Delicate Flower Grey Mourner
62%
Gives you Eggs Tuk
62%
Welcomes you to the Colloseum Little Fool
60%
Searches for Battle Cloth
47%
A Scarlet Flame Nightmare King
47%
No Mind to Think. No Will to Break.No Voice to Cry Suffering. Born of God and Void. The ShadeLord
26%
No matching quizzes found
Score Distribution
Percent of People with Each Score
Percentile by Number Answered
Your Score History
You have not taken this quiz since the last reset